Sports Quiz

Random Sports Quiz

MLB: Top 50 Home Runs in Giants History Quiz Stats

 Plays Quiz not verified by Sporcle

Challenge
Share
Tweet
Embed
Score 0/50 Timer 05:00
0 Plays Today
Home Runs Player % Correct
646Willie Mays
100%
586Barry Bonds
100%
186Bobby Bonds
100%
469Willie Mccovey
96.8%
511Mel Ott
92.9%
176Will Clark
92.9%
163Jack Clark
92.9%
133Buster Posey
91.3%
175Jeff Kent
89.7%
247Matt Williams
83.3%
226Orlando Cepeda
81%
120Pablo Sandoval
77.8%
93Hunter Pence
74.6%
143Kevin Mitchell
73%
129Hank Thompson
68.3%
119Robby Thompson
68.3%
157Johnny Mize
58.7%
101Chili Davis
57.1%
112Brandon Belt
54%
135Travis Jackson
53.2%
143Rich Aurilia
52.4%
189Bobby Thomson
47.6%
124JT Snow
47.6%
85Felipe Alou
44.4%
154Bill Terry
42.9%
Home Runs Player % Correct
99Jeffrey Leonard
38.9%
84Monte Irvin
38.1%
77Dave Kingman
36.5%
157Jim Ray Hart
34.9%
142Darrell Evans
32.5%
70Chris Speier
27%
77Jim Davenport
25.4%
87Brandon Crawford
25.4%
107Tom Haller
24.6%
98Alvin Dark
23.8%
91Freddie Lindstrom
22.2%
123High Pockets Kelly
21.4%
90Bob Brenly
18.3%
77Ray Durham
16.7%
113Whitey Lockman
13.5%
109Pedro Feliz
13.5%
96Wes Westrum
13.5%
90Sid Gordon
11.9%
76Roger Connor
11.9%
70Irish Meusel
7.9%
79Jo-Jo Moore
6.3%
67Larry Doyle
6.3%
106Mike Tiernan
5.6%
86Willard Marshall
5.6%
74Daryl Spencer
1.6%

You're not logged in!

Compare scores with friends on all Sporcle quizzes.
OR
Log In

You Might Also Like...

Show Comments

Extras

Created May 9, 2016ReportNominate
Tags:Giants, Home Runs, Top 50

Top Quizzes Today


Score Distribution

Your Account Isn't Verified!

In order to create a playlist on Sporcle, you need to verify the email address you used during registration. Go to your Sporcle Settings to finish the process.

Report this User

Report this user for behavior that violates our Community Guidelines.

Details: